Statistics for Trollhunters Trivia and Quotes Quiz (Second Season)

Click here to take the quiz!

General Stats

  • This quiz has been taken 830 times
    (829 since last reset)
  • The average score is 46 of 119

Answer Stats

Trivia QuestionsAnswer% Correct
Which of his eyes does Gunmar still have? His right or his left?His left
96%
What nickname did Claire create for Toby?TP
90%
What is the name of the white goblin species that inhabits the darklands?Blood Goblin
76%
How many white streaks does Dictatious have in his hair?2
75%
What colour of goblin does Steve find in his garage?Green
74%
Who is dating Steve Palchuk's mother?Coach Lawrence
73%
What colour is Gunmar's hair?Black
72%
How many rings does Dictatious have in his right ear?3
71%
Who gave NotEnrique CPR after he and Claire escaped the collapsing cargo crate?Toby
69%
What colour was the light that Merlin appeared to Jim as during Jim's 'Second Chance'?Green
69%
What is the name of the disease that Jim is said to be afflicted with, to excuse his absence from school while he was stuck in the darklands?Jim Lake Disease
68%
Who becomes Trollhunter instead of Jim in Jim's 'Second chance'?Draal
68%
What is the name of the team that Steve and Eli form?Creepslayerz
66%
What is the message written on the Nougat Nummies that Toby throws into the darklands in the hopes that jim will find them?Keep It Crispy
65%
What did Steve and Eli use to provide shade for the trolls escaping the invasion of trollmarket?Parasols
65%
"I am the Trollhunter, amulet or not."Jim
61%
In which ear does Aarrrgh have a golden earring? His right or his left?His right
60%
"Master Jim was correct! We are stronger TOGETHER!"Blinky
60%
"If you're going to shove me in a locker, just get it over with."Eli
59%
"Don't worry Tobes, you have a girl to protect you!"Claire
58%
"Driving! What a pleasure!"Blinky
57%
"You saved my brother, now let me save you!"Claire
56%
"I'm a chatty fatty!"Toby
53%
"What should a father do to the one that murdered his only son?"Gunmar
53%
"Donate to stop the disease. We can cure Jim, guys!"Eli
52%
What word does Hunter Jim use to activate the amulet?Glory!
52%
"I had to eat your mom's spaghetti carbonara. More like cardboard-nara."Toby
52%
"Lets rock this joint!"Toby
51%
"I AM FLABBERGASTED!"Blinky
51%
"You know, it's customary to kneel before a wizard."Merlin
50%
"Claire, I look like somebody tried to build a cyborg but then gave up!"Toby
49%
Hunter JimGreen
48%
"Oh it's been so long since I've smelled living flesh."Gunmar
48%
Lovestruck JimYellow
47%
"But I - Suzie can't swim!"NotEnrique
47%
"My eyes! My six eyes!"Dictatious
47%
"But now I see you're the rotten apple in the family tree!"Blinky
46%
In which episode does Toby get his braces removed?Episode 3
46%
"Creepslaying's a thankless job."Eli
46%
"I use y'toothbrush to clean me ears."NotEnrique
46%
"Kiss my mossy bottom, Userna."Vendel
45%
"How ironic. After all of this, I have become part of a conspiracy."Blinky
45%
"You can't break me Gunmar. You're only making me stronger!"Jim
45%
"I don't give a flip!"Steve
44%
"It's like a goblin rainbow of death!"Toby
43%
"Tick tock, tick tock..."Steve
43%
Crispy JimRed
43%
"There's something fishy going on in this Lake."Steve
43%
"I was king of the ocean!"Steve
43%
What is the colour of the gemstone that Gnome Chompsky proposed to his doll with?White
43%
Where is Jim sent into exile after being found guilty by the tribunal?The Deep
42%
What part of Bular did Toby keep in his rock collection?His finger
41%
Who was the only one that didn't uphold their responsibility given to them by Kanjigar when the Trollhunters went to rescue Jim from the darklands?Toby
40%
"Man, did I take soap for granted."Jim
40%
"The amulet made you Trollhunter, you made yourself a hero."Blinky
40%
"Oh but alas my accursed butter digits!"Blinky
40%
"Man, I miss you guys."Jim
40%
"I feel uncomfortable feeding the gnome's delusions."Blinky
38%
"It looks like you've been taking cooking lessons from me."Barbara
37%
Teen Angst JimBlack
37%
What does Steve add to Eli's 'Last Resort' monster deterrent cocktail?Human Germs
37%
Spanish JimOrange
37%
Which spirit from the amulet gives Jim a 'Second Chance' before his trial in front the tribunal?Unkar The Unfortunate
37%
What is the name of the student from Arcadia Oaks High's rival school that Mary Wang often speaks of, yet whom we never see?'Tight-Jeans' Hank
36%
"Smells like dirt. They're close!"Steve
36%
Sad JimPurple
36%
"You're raising a baby with Pepperjack."Coach Lawrence
36%
"I will show you how destruction is done."Gunmar
34%
"I didn't think you'd bring pillows to this fight!"Blinky
34%
What nickname does Nomura use to address Jim based on her favourite opera?Little Gynt
33%
"Not another step, Wiener-Schnitzel!"Toby
32%
"What is 'Noo-gat Noo-mees'?"Gunmar
32%
"To wound me, one needs to be able to touch me, child."Gunmar
31%
Which two characters effectively 'break the 4th wall' when voicing over the end credits?Steve and Eli
31%
"No, Dudes. Seize him!"Toby as Vendel
31%
What is the name of the creature that came to Arcadia to devour the remains of dead trolls?Gruesome
30%
"M'lord, I offer a morsel of hope."Dictatious
30%
Scaredy JimBrown
29%
"I thought I ordered meat sauce not.. weak sauce!"Blinky
29%
"Well that's going to require about ten years of therapy."Jim
29%
"It's a Vespa mom, now go to bed!"Eli
29%
"And now to find the Easter Bunny."Blinky
28%
What happens to Eli when he sees Toby's headgear?He faints
28%
"I weep for your offspring and pray that I'm retired by the time they reach high school."Coach Lawrence
28%
What is Eli's full name?Elijah Leslie Pepperjack
27%
What nationality is Señor Uhl?Austrian
27%
What is Claire's middle name?Maria
27%
"Despite a plentitude of eyes, you remain blind to the truth."Dictatious
26%
What does Claire bring to Argante(Pale Lady) at the very end of the season?Angor Rot's Head
26%
What nickname do the Trollhunters use to refer to Otto Scaarbach?Mr Evil Man
26%
What does Eli name his and Steve's flour baby?Flip
25%
What did the changeling-spy in Trollmarket, Krax, buy from RotGut?Gaggletaks
25%
What is the name of the courtroom based show Toby watches with his Grandma (and is also the title of episode 12)?Mistrial and Error
22%
What do Toby and Darci name their flour baby?Sir Isaac Gluten
21%
What is Dictatious' middle name?Maximus
21%
"Skulls! We need more skulls!"Otto
20%
"Behold! Our dreams and nightmares are uniting!"Toby
20%
Cooking JimGrey
20%
What do the ingredients for the Creeper Sun antidote have to be boiled in?Oil
19%
What is the name of the object that Toby uses to take the form of Jim and hide his disappearance from Arcadia?The Glamour Mask
18%
What is the title of the season finale episode?In the hall of the Gumm-Gumm king
16%
What is the name of the transfer that the Janus Order worker mistook Claire for?Esmeralda
16%
What is the name of Gunmar's sword?The Decimaar Blade
15%
"I internetted some things.."Steve
15%
"Remember, this isn't just about Gunmar. This is about something bigger: serving the will of our Lady Creator."Recording of Strickler
14%
"You are putting my children through private school. Because of that, I will give you honesty."Señor Muelas
12%
"You have an abnormally large mouth for such a tiny changeling."Otto
12%
"You are the first outsider since time began to see our sacred realm."Kanjigar
11%
"I enjoy your company."Nomura
10%
"Pound it!"Blinky
10%
What is the name of Kanjigar's signature move?Creeping Spider
9%
"What manner of metal monster was that?"Gunmar
9%
Which character shares a voice actor with Mary Wang?Nomura
9%
What is the name of the music track, by Thomas Bergersen, played during the climactic portal-conjuring scene from the season finale episode?Children of the Sun
7%
What is the full name of Stricklander's familiar?Waltolomew Strickler
6%
Which character shares a voice actor with Señor Uhl?Aaarrrgghh
6%
What is the name of the travel agency shop front that hides the Janus Order base?Omni Reach
3%
What is the name of the classical music piece that plays when Toby and Claire run from the Janus Order after they are discovered?The Can-Can
3%
What did Nomura give Jim in order to help him fight the Nyarlagroth?A Sumerian Fruit
1%

Score Distribution

Percentile by Number Answered

Percent of People with Each Score

Your Score History

You have not taken this quiz since the last reset